header

The Stata survival manual (Record no. 41896)

MARC details
000 -LEADER
fixed length control field 01335nam a2200349Ia 4500
100 1# - MAIN ENTRY--AUTHOR NAME
Personal name Pevalin, David J.
245 14 - TITLE STATEMENT
Title The Stata survival manual
260 ## - PUBLICATION, DISTRIBUTION, ETC. (IMPRINT)
Place of publication Maidenhead, Berkshire :
Name of publisher Open University Press,
Year of publication 2009.
300 ## - PHYSICAL DESCRIPTION
Number of Pages xiii, 373 p. :
Other physical details ill.
650 #0 - SUBJECT ADDED ENTRY--TOPICAL TERM
Topical Term Statistics
Topical Term Mathematical statistics
Topical Term Social sciences
700 1# - ADDED ENTRY--PERSONAL NAME
Personal name Robson, Karen.
856 40 - ELECTRONIC LOCATION AND ACCESS
Uniform Resource Identifier http://site.ebrary.com/lib/rucke/Doc?id=10350202

No items available.

© 2026 Rongo University
Contact us: librarian | system librarian | Rongo university